El corazón de la nación: ensayos sobre la política y sentimentalismo
Saved in:
| Hovedforfatter: | |
|---|---|
| Format: | Bog |
| Sprog: | spansk |
| Udgivet: |
Ciudad de México
Fondo de Cultura Económica
2011
|
| Udgivelse: | 1a. ed |
| Serier: | Umbrales
|
| Fag: | |
| Tags: |
Tilføj Tag
Ingen Tags, Vær først til at tagge denne postø!
|
MARC
| LEADER | 00000cam a2200000 a 4500 | ||
|---|---|---|---|
| 001 | UCE9975 | ||
| 003 | CL-VaPUC | ||
| 008 | 151112e20110000mx |||||||||||||||||spa|d | ||
| 020 | |a 9786071607898 | ||
| 082 | 0 | 4 | |a 172 |b BER |2 21 |
| 100 | 0 | |a Berlant, Lauren |e author |9 582960 | |
| 245 | 1 | 3 | |a El corazón de la nación: ensayos sobre la política y sentimentalismo |
| 250 | |a 1a. ed | ||
| 300 | |a 158 p | ||
| 942 | |c BK | ||
| 945 | |d 20151112 20:22:00 |a dcastane | ||
| 260 | |a Ciudad de México |b Fondo de Cultura Económica |c 2011 | ||
| 650 | 0 | |a Etica política |9 255799 | |
| 650 | 0 | |a Emociones |9 265224 | |
| 583 | |a last modification |c 20151112 20:22:00 |k Rodrigo Vera | ||
| 490 | 0 | |a Umbrales | |
| 999 | |c 361609 |d 361607 | ||
| 952 | |0 0 |1 0 |3 erb |4 0 |6 172_000000000000000_BER_2011 |7 0 |8 A |9 472209 |a BIBEDU |b BIBEDU |i 5249821 |o 172 BER 2011 |p 5249821 |r 2019-11-24 |w 2019-11-24 |y BK |z Catalogado en:20151112 |k FIL | ||